000 00476ntaaa2200193 4500
003 01
005 20251027202927.0
008 0714s1973 ag 01
040 _aAR-BaBN
_bspa
_cAR-BaBN
_eaacr
_dRIC
082 _a922.4000 B88
100 _aOrman Cooper, Lina
_929807
245 _aJohn Bunyan
250 _a1 ed.
260 _aLondon :
_bNational Sunday School Union,
_cs.f.
300 _a144 p
500 _aBiografĂ­a
650 _aBunyan, Juan (1628-1688)
942 _cBK
999 _c24500
_d24500